00888cam a2200241 a 450000100100000000500170001000800410002704000290006808200200009710000330011724500810015026000410023130000210027249000210029365000450031465000440035970000310040383000280043491000340046204900090049695201240050599900170062900001800420200929165319.0840716s1971 ho 000 p spa d aDO-SdBNPbspacLCdBNPHU aHo861.44bA185e1 aAcosta, Oscar.d1933-91676310aExaltación de Honduras :bantología /cOscar Acosta y Pompeyo del Valle. aHonduras :bNuevo Continente,c1971. a333 p. ;c23 cm.1 aEl Pino Jubiloso 4aPoesía hondureñaxColecciones939035 4aLiteraruta hondureñaySIGLO XX9390361 aValle, Pompeyo del.939037 0aEl Pino Jubiloso939038 aCatalogación por copia / LC aBNGR 001054708MOaGRbGRcCTd2010-04-08iLF1l0oHo861.44 A185ep18004-10r2020-06-25w2020-06-25y4ZPréstamo en sala c17526d17526